01010nam a2200265 a 450000100100000000500170001000800410002702000150006804000250008308200170010810000350012524500670016026000290022730000280025649000270028450000490031165000240036065000310038465000330041583000340044804900090048295201150049195201210060699900170072700002275420200930021758.0101117s1973 sp a r 000 0 spa d a8432504947 aDO-SdBNPbspacBNPHU a153.7bA473m1 aAlvarez Villar, Alfonso94675313aEl mundo mágico de la percepción / Alfonso Alvarez Villar. aMadrid :bDoncel,c1973. a203 p. :bil. ;c18 cm.1 aJoven de Bolsillo;v49 aIncluye lista de títulos de la colección 4aPercepción935121 4aPercepción visual945230 4aPercepción auditiva945228 0aJoven de Bolsillo;v49946754 aBNGR 001050718MOaGRbGRcCTd2010-11-17iLF1l0o153.7 A473mp22754-10r2020-06-25w2020-06-25y1ZNo se presta 001050718MOaGRbGRcCTd2010-11-17iLF1l0o153.7 A473mp22754-20r2020-06-25te. 2w2020-06-25y1ZNo se presta c22251d22251